Vidas Desperdiciadas: La modernidad y sus parias

La producción de «residuos humanos» —o, para ser más precisos, las poblaciones «superfluas» de emigrantes, refugiados y demás parias— es una consecuencia inevitable de la modernización. También se trata de un ineludible efecto secundario del progreso económico y la búsqueda de orden, característicos...

Πλήρης περιγραφή

Αποθηκεύτηκε σε:
Λεπτομέρειες βιβλιογραφικής εγγραφής
Κύριος συγγραφέας: Bauman, Zygmunt (autor)
Άλλοι συγγραφείς: Hermida Lazcano, Pablo (traductor)
Μορφή: Βιβλίο
Γλώσσα:Ισπανικά
Έκδοση: Barcelona Paidós 2013
Σειρά:Colección Paidós Estado y Sociedad
Θέματα:
Ετικέτες: Προσθήκη ετικέτας
Δεν υπάρχουν, Καταχωρήστε ετικέτα πρώτοι!

MARC

LEADER 00000nam a22000005a 4500
003 CL-ChUAC
005 20260225165417.0
007 ta
008 190417t2013 sp ||||| |||| 000 ||spa
020 |a 978-84-493-2928-9  
040 |a CL-ChBUA  |c CL-ChBUA  |e rda  |b spa 
082 0 0 |2 22  |a 325.21 
100 1 |a Bauman, Zygmunt  |e autor 
245 1 0 |a Vidas Desperdiciadas:   |b La modernidad y sus parias  |c Zygmunt Bauman  
260 |a Barcelona  |b Paidós  |c 2013 
300 |a 171 páginas  |c 24 centímetros  
336 |2 rdacontent  |a text  |b txt 
337 |2 rdamedia  |a unmediated  |b n 
338 |2 rdacarrier  |a volume  |b nc 
440 |a Colección Paidós Estado y Sociedad 
500 |a 1ª edición, 2005 1ª edición en esta presentación, Septiembre 2013 3ª impresión, Enero 2017 
500 |a Paidós es un sello editorial de Espasa Libros 
504 |a índice 
520 3 |a La producción de «residuos humanos» —o, para ser más precisos, las poblaciones «superfluas» de emigrantes, refugiados y demás parias— es una consecuencia inevitable de la modernización. También se trata de un ineludible efecto secundario del progreso económico y la búsqueda de orden, característicos de la modernidad. Mientras vastas regiones del mundo permanecieron total o parcialmente al margen de la modernización, las demás sociedades las veían como zonas capaces de absorber el excedente de población de los «países desarrollados». Se buscaban --y se hallaban de forma temporal-- soluciones globales a los problemas de superpoblación producidos localmente. Pero, a medida que la modernización ha ido alcanzando las áreas más remotas del planeta, se ha generado una gran cantidad de «población superflua», y ahora son todas las regiones las que han de cargar con las consecuencias. Por lo tanto, nos enfrentamos a la necesidad de buscar soluciones locales a problemas producidos globalmente. La propagación global de la modernidad ha dado lugar a un número cada vez más elevado de seres humanos que se encuentran privados de medios adecuados de subsistencia, y a la vez el planeta se está quedando sin lugares donde ubicarlos. De ahí las nuevas inquietudes acerca de los «inmigrantes» y los que piden «asilo», así como la importancia creciente del papel que desempeñan los difusos «temores relativos a la seguridad» en la agenda política contemporánea. Zygmunt Bauman desentraña el impacto de esta transformación sobre la cultura y la política contemporáneas, y muestra que el problema de hacer frente a los «residuos humanos» brinda una clave para comprender algunas peculiaridades, por lo demás desconcertantes, de nuestra vida en común, desde las estrategias de dominación global hasta los aspectos más íntimos de las relaciones humanas. 
650 4 |a REFUGIADOS 
650 4 |a POLÍTICA DE POBLACIÓN 
650 4 |a GLOBALIZACIÓN  |x ASPECTOS SOCIALES 
700 1 |a Hermida Lazcano, Pablo  |e traductor 
942 |2 ddc  |c LIB 
945 |0 nac 
952 |0 0  |1 0  |2 ddc  |4 0  |6 325_210000000000000_B_347  |7 0  |9 1163667  |a UNACH  |b UNACH  |c 300  |d 2019-04-17  |i 64.487  |l 2  |o 325.21 / B 347  |p 101074  |r 2025-05-27 21:10:46  |s 2023-07-07  |t 1  |w 2019-04-17  |y LIB  |� Tsocia 
952 l |0 0  |1 0  |2 ddc  |4 0  |6 325_210000000000000_B_347  |7 0  |9 1163668  |a UNACH  |b UNACH  |c 300  |d 2019-04-17  |i 64.488  |l 4  |m 6  |o 325.21 / B 347  |p 101075  |r 2022-06-13 00:00:00  |s 2019-09-12  |t 2  |w 2019-04-17  |y LIB  |� Tsoc 
999 i a |    |c 2283000  |d 2283